Statistics for Các vườn quốc gia Việt Nam

Click here to take the quiz!

General Stats

  • This quiz has been taken 23 times
  • The average score is 10 of 32

Answer Stats

Diện tích (ha)Tên vườn quốc gia% Correct
123.326Phong Nha - Kẻ Bàng
92%
22.200Cúc Phương
75%
10.815Ba Vì
67%
15.200Cát Bà
58%
7.610Ba Bể
50%
8.286U Minh Hạ
50%
8.053U Minh Thượng
50%
73.878Cát Tiên
42%
38.724Hoàng Liên
42%
91.113Pù Mát
42%
36.883Tam Đảo
42%
31.422Phú Quốc
33%
22.030Bạch Mã
25%
14.735Bến En
25%
58.947Chư Yang Sin
25%
15.043Côn Đảo
25%
41.780Kon Ka Kinh
25%
29.865Núi Chúa
25%
7.588Tràm Chim
25%
55.029Vũ Quang
25%
15.048Xuân Sơn
25%
7.100Xuân Thuỷ
25%
115.545Yok Đôn
25%
15.783Bái Tử Long
17%
26.032Bù Gia Mập
17%
56.621Chư Mom Ray
17%
18.765Lò Gò - Xa Mát
17%
10.593Phia Oắc - Phia Đén
17%
64.800Bidoup Núi Bà
8%
15.006Du Già - Cao nguyên đá Đồng Văn
8%
41.862Mũi Cà Mau
8%
19.814Phước Bình
8%

Score Distribution

Percentile by Number Answered

Percent of People with Each Score

Your Score History

You have not taken this quiz